000 00182nam a2200097Ia 4500
100 _a#N/A
942 _cBK
245 _aCASE STUDY : MISSION 10 X
260 _b#N/A
546 _aENGLISH
999 _c29940
_d29940